Score 0/32 Timer 07:00
0 Plays Today
actor villain % Correct
Cesar RomeroThe Joker
98.2%
Burgess MeredithThe Penguin
90.9%
Frank Gorshin and John AstinThe Riddler
90.8%
Julie Newmar and Eartha KittCatwoman
90%
George Sanders, Eli Wallach, and Otto PremingerMr. Freeze
76%
Victor BuonoKing Tut
51.7%
Vincent PriceEgghead
50.1%
David WayneThe Mad Hatter
45.6%
Roddy McDowallBookworm
36.1%
Cliff RobertsonShame
31.1%
Art CarneyThe Archer
30.6%
Milton BerleLouie the Lilac
29.6%
Malachi ThroneFalse-Face
29.4%
Walter SlezakClock King
29%
Shelley WintersMa Parker
28.6%
Joan CollinsThe Siren
27.6%
actor villain % Correct
Van JohnsonThe Minstrel
25%
Tallulah BankheadBlack Widow
24.9%
Carolyn JonesMarsha, Queen of Diamonds
24.4%
Maurice EvansPuzzler
24.2%
Michael RennieSandman
22.1%
LiberaceChandell & evil twin Harry
20.6%
Zsa Zsa GaborMinerva
18.6%
Anne BaxterZelda
18.6%
Anne BaxterOlga, Queen of the Cossacks
17.5%
Ethel MermanLola Lasagna
16.9%
Rudy ValleeLord Marmaduke Ffogg
16.7%
Roger C. CarmelColonel Gumm
14.4%
Glynis JohnsLady Penelope Peasoup
13.8%
Barbara RushNora Clavicle
13.3%
Ida LupinoDr. Cassandra Spellcraft
12%
Howard DuffCabala
9%

You're not logged in!

Compare scores with friends on all Sporcle quizzes.
OR
Log In

Sporcle TV

Today on Sporcle TV


Watch our educational content, quiz creation guides, and fun videos on Sporcle TV.

Show Comments

Extras

Top Quizzes Today


Score Distribution

Paid Content

Your Account Isn't Verified!

In order to create a playlist on Sporcle, you need to verify the email address you used during registration. Go to your Sporcle Settings to finish the process.

Report this User

Report this user for behavior that violates our Community Guidelines.

Details: